000
00319nam a2200121Ia 4500
005
20260326235446.0
008
260326s9999||||xx |||||||||||||| ||und||
100
_a
Durieux, Phillippe
245
0
_a
Técnicas de Construcción I /
_c
Phillippe Durieux
260
_b
Técnicos Asociados
650
_a
TOPOGRAFÍA
942
_c
BK
999
_c
7602
_d
7602